000
00291nam a22001097a 4500
082
_a
628.1
_b
HUS
_c
L-23, P-66
245
_a
Text book of water supply and sanitary engineering
300
_a
884 p:
_b
ill.;
526
_a
0
_b
0
_c
0
_d
628_100000000000000_HUS
650
_a
MCE
_9
379
942
_2
ddc
_c
BK
999
_c
547954
_d
547954